Geography Quiz

Random Geography or World Quiz

Flags of the World With a Crescent Moon Quiz Stats

 Plays Quiz Updated Jul 28, 2015

Challenge
Share
Tweet
Embed
Score 0/19 Timer 05:00
0 Plays Today
Country % Correct
Turkey
90.6%
Pakistan
80.3%
Algeria
73.4%
Azerbaijan
73.2%
Tunisia
72.8%
Turkmenistan
66.7%
Uzbekistan
65.2%
Libya
63.9%
Iran
54.4%
Mauritania
54.3%
Country % Correct
Malaysia
53.8%
Singapore
47.8%
Maldives
44.2%
Comoros
42.4%
Brunei
30.5%
Nepal
27.4%
Mongolia
22.6%
Moldova
11.2%
Croatia
9.8%

You're not logged in!

Compare scores with friends on all Sporcle quizzes.
OR
Log In

You Might Also Like...

Show Comments

Extras

Top Quizzes Today


Score Distribution

Your Account Isn't Verified!

In order to create a playlist on Sporcle, you need to verify the email address you used during registration. Go to your Sporcle Settings to finish the process.

Report this User

Report this user for behavior that violates our Community Guidelines.

Details: